| 000 | 00923nam a2200229 i 4500 | ||
|---|---|---|---|
| 001 | 166460 | ||
| 003 | ES-MaACL | ||
| 005 | 20250817030024.0 | ||
| 008 | 931025q18681869sp |||| | spa d | ||
| 100 | 1 |
_aTorre, Fernán de la. _9133311 |
|
| 245 | 1 | 0 |
_aA las montañas de la luna / _coriginal de Fernán de la Torre. |
| 260 |
_aMadrid : _bLibrería de Cuesta, _c[s.a.] ( _fImp. de la Biblioteca de Instrucción y Recreo) |
||
| 300 |
_a272 p. ; _c18 cm. |
||
| 490 | 1 | _aBiblioteca Económica de Instrucción y Recreo | |
| 596 | 1 | _aLa "Biblioteca de Instrucción y Recreo" de la Librería de Cuesta, se publicó ca. 1868-1869. | |
| 700 | 1 | 1 |
_aCuesta, José, _eed. _9126661 |
| 730 | 0 | 1 |
_aBiblioteca de instrucción y recreo _eimp. _9182429 |
| 752 |
_aEspaña - _dMadrid |
||
| 830 | 0 | 0 |
_aBiblioteca económica de instrucción y recreo _9182441 |
| 852 |
_aES-MaACL _jC-3495 _z-- Rust. |
||
| 999 |
_c166460 _d166460 |
||